000 00369nam a2200145Ia 4500
008 100122s9999 xx 000 0 und d
082 _b18348
_a823
100 _aसाधले आनंद
245 _aसय
260 _bग.पां.परचुरे प्रकाशन
_c1905
300 _a143
630 _aसय
730 _aसय
942 _cBOOK
999 _c407778
_d407775